00610nam a22001817a 4500003000400000008004100004020001800045082001800063100002200081245004300103250001200146260005700158300001100215650001500226942001200241999001700253952015800270OSt250711b |||||||| |||| 00| 0 eng d a9788189253004 a150.15195 GAS aGARRETT, Henry E. aStatistics in Psychology and Education aReprint aNew Delhi,bParagon International Publishers,c2024, a491 p. aPsychology 2ddccBK c13667d13667 00102ddc40708BAHONPSYaPIETNCRbPIETNCRd2025-07-03fIn Rupeesg250.00kZBD0177l0o150.15195 GASpN3916r2025-07-11 00:00:00v187.50w2025-07-03yBK